Costos y rentabilidad de cultivos anuales: VII y VIII regiones

Guardat en:
Dades bibliogràfiques
Autors principals: González Urbina, Jorge Alberto (Autor), Velasco H., Roberto (Autor), Morales S., Gustavo (Autor)
Format: Llibre
Idioma:espanyol
Publicat: Chillán INIA 2000
Col·lecció:Boletín INIA, 41
Matèries:
Etiquetes: Afegir etiqueta
Sense etiquetes, Sigues el primer a etiquetar aquest registre!

MARC

LEADER 00000nam a2200000 a 4500
001 UCM1813
003 CL-VaPUC
008 020412e20000000CL |||||||||||||||||spa|d
082 0 4 |a 338.13  |b GON  |2 21 
100 |a González Urbina, Jorge Alberto  |e author  |9 784231 
700 0 |a Velasco H., Roberto  |e author  |9 468719 
700 0 |a Morales S., Gustavo  |e author  |9 468720 
245 1 0 |a Costos y rentabilidad de cultivos anuales: VII y VIII regiones 
300 |a 150 p 
942 |c BK 
945 |d 20020412 00:00:00  |a cmena 
260 |a Chillán  |b INIA  |c 2000 
650 0 |a Agricultura  |9 255598 
650 0 |a Aspectos económicos  |9 255165 
650 0 |a Producción agrícola  |9 353481 
650 7 |a RENTABILIDAD  |2 CL-VaPUC  |9 351669 
651 0 |a Región 07  |9 450938 
651 7 |a REGION 08  |2 CL-VaPUC  |9 268497 
651 7 |a CHILE  |2 CL-VaPUC  |9 468721 
583 |a last modification  |c 20180514 10:20:03  |k Rodrigo Vera 
490 0 |a Boletín INIA, 41 
999 |c 300046  |d 300044 
952 |0 0  |1 0  |4 0  |6 338_130000000000000_GON_2000  |7 0  |8 A  |9 357324  |a BIBAGR  |b BIBAGR  |d 2019-11-21  |i 3799085  |o 338.13 GON 2000  |p 3799085  |r 2025-01-20  |w 2019-11-21  |y BK  |k AGR